US Manual of International Air Carriage

Detalles Bibliográficos
Autor principal: Holding, John D.
Otros Autores: Hoff, John S.
Formato: eBook
Lenguaje:inglés
Publicado: Toronto: Irwin Law Inc., 2009
Materias:
Acceso en línea:Acceso restringido

MARC

LEADER 00000nam a22000007a 4500
005 20210820231438.0
007 cr|||| ||||
008 210820s2009 ca |||||s|||| 00||0 eng d
020 |a 978-155221-169-4 
035 |a 35230 
040 |a vLex 
090 |c 12103  |d 12103 
100 1 |a Holding, John D. 
245 1 0 |a  US Manual of International Air Carriage  |h [Recurso electrn̤ico] /  |c John D. Holding, John S. Hoff 
256 |a Servicio en ln̕ea 
260 |a Toronto:  |b Irwin Law Inc.,  |c 2009 
300 |a 1 recurso electrn̤ico 
506 1 |a Disponible solo en los productos indicados  |d vLex Global  |d vLex Global (Academic Edition, excluding Law Schools)  |d vLex Global (U.S. Academic Edition, Law Schools)  |d vLex Global (U.S. Academic Edition, excluding Law Schools)  |d vLex Global (Academic Edition, Law Schools) 
650 0 4 |a Transporte ařeo  |z Canad̀ 
650 0 4 |a Derecho Internacional  |z Canad̀ 
700 1 |a Hoff, John S. 
740 0 |a vLex Libros (Servicio en ln̕ea) 
856 4 0 |u https://app.vlex.com/#/sources/35230  |z Acceso restringido 
942 |c BOOK 
999 0 |a Air transport 
999 0 |a International Law